[Event "NCL978 NW Eagles-Bristol"]
[Site "Rd4"]
[Date "1997.11.23"]
[Round "4.3"]
[White "Tebb, David"]
[Black "Baker, Chris W"]
[Result "0-1"]
[WhiteElo "2280"]
[BlackElo "2295"]
[PlyCount "122"]
[EventDate "1997.11.23"]
[Source "4NCL"]
[SourceDate "1998.01.01"]

1. e4 d6 2. d4 Nf6 3. Nc3 g6 4. Nf3 Bg7 5. Be2 O-O 6. O-O Nbd7 7. Re1 e5 8.
dxe5 dxe5 9. Be3 Qe7 10. Qd3 c6 11. Rad1 Re8 12. h3 Nh5 13. Bf1 Qb4 14. a3 Qf8
15. Qd2 Nb6 16. b4 Bf6 17. Qc1 Be6 18. Ng5 Nf4 19. Nf3 g5 20. g3 Nxh3+ 21. Bxh3
Bxh3 22. Bxg5 Bxg5 23. Qxg5+ Qg7 24. Qxg7+ Kxg7 25. Ng5 Bg4 26. Rd3 Rad8 27. f3
Bc8 28. Kg2 Nc4 29. Nb1 Rxd3 30. cxd3 Nb2 31. f4 Nxd3 32. Re3 Rd8 33. f5 f6 34.
Nf3 b6 35. Nc3 Ba6 36. Re2 Nxb4 37. axb4 Bxe2 38. Nxe2 Rd3 39. Kf2 Rb3 40. Nd2
Rxb4 41. Ke3 a5 42. Kd3 a4 43. Kc3 c5 44. Nc1 a3 45. Nc4 b5 46. Nxa3 Rxe4 47.
Nxb5 Re3+ 48. Kc4 Rxg3 49. Nd6 h5 50. Ne4 Re3 51. Nxc5 h4 52. N1d3 Rf3 53. Ne4
h3 54. Ndf2 h2 55. Kd5 Rxf5 56. Nh1 Rf4 57. Neg3 Kg6 58. Ne2 Rf1 59. Neg3 Re1
60. Kc4 f5 61. Nf2 f4 0-1

[Event "NCL978 NW Eagles-Bristol"]
[Site "Rd4"]
[Date "1997.11.23"]
[Round "4.5"]
[White "Sheldon, Ruth"]
[Black "Burgess, Graham"]
[Result "1/2-1/2"]
[WhiteElo "2295"]
[BlackElo "2315"]
[PlyCount "68"]
[EventDate "1997.11.23"]
[Source "4NCL"]
[SourceDate "1998.01.01"]

1. d4 Nf6 2. c4 g6 3. Nc3 Bg7 4. e4 d6 5. Be2 O-O 6. Nf3 Na6 7. Bg5 h6 8. Bh4
e5 9. d5 g5 10. Bg3 Nh5 11. Nd2 Nf4 12. O-O Nc5 13. Bg4 Nxe4 14. Ndxe4 f5 15.
Bf3 fxe4 16. Bxe4 g4 17. Ne2 Qg5 18. f3 gxf3 19. Bxf3 Nxe2+ 20. Qxe2 e4 21.
Bxe4 Bg4 22. Qc2 Qe3+ 23. Kh1 Qe2 24. Rfe1 Qxc2 25. Bxc2 Rae8 26. h3 Be2 27.
Bg6 Re3 28. Bh5 Bxb2 29. Rab1 Rxg3 30. Rxe2 Be5 31. Bf3 b6 32. Rb3 Rf4 33. Re4
Rxe4 34. Bxe4 Rc3 1/2-1/2

[Event "NCL978 NW Eagles-Bristol"]
[Site "Rd4"]
[Date "1997.11.23"]
[Round "4.6"]
[White "Beaumont, Chris"]
[Black "James, Dale"]
[Result "1/2-1/2"]
[WhiteElo "2345"]
[BlackElo "2240"]
[PlyCount "85"]
[EventDate "1997.11.23"]
[Source "4NCL"]
[SourceDate "1998.01.01"]

1. Nf3 c5 2. c4 Nc6 3. d4 cxd4 4. Nxd4 g6 5. e4 Bg7 6. Be3 Nf6 7. Nc3 d6 8. Be2
h5 9. f3 Bd7 10. O-O h4 11. Rc1 Ne5 12. Nd5 h3 13. g3 Bc6 14. b4 O-O 15. Nxf6+
Bxf6 16. f4 Nd7 17. Bf3 Nb6 18. Nxc6 bxc6 19. c5 Nc8 20. cxd6 exd6 21. Rxc6 Rb8
22. a3 a5 23. Qd2 axb4 24. axb4 Bg7 25. Rfc1 Qe7 26. Bd4 Bxd4+ 27. Qxd4 Qb7 28.
Rc7 Qa6 29. R1c6 Qa4 30. Qc3 Rxb4 31. Rxc8 Qa7+ 32. Kf1 Rb1+ 33. Ke2 Qa2+ 34.
Qd2 Rb2 35. Rc2 Qa6+ 36. Qd3 Rxc8 37. Rxb2 Qa7 38. Qe3 Qa1 39. Rd2 Rc1 40. Qd4
Re1+ 41. Kf2 Rf1+ 42. Ke3 Qa3+ 43. Qd3 1/2-1/2

[Event "NCL978 NW Eagles-Bristol"]
[Site "Rd4"]
[Date "1997.11.23"]
[Round "4.7"]
[White "Smith, Alan A"]
[Black "Moskovic, David"]
[Result "1-0"]
[WhiteElo "2235"]
[BlackElo "2180"]
[PlyCount "29"]
[EventDate "1997.11.23"]
[Source "4NCL"]
[SourceDate "1998.01.01"]

1. e4 c5 2. Nf3 d6 3. Bb5+ Nd7 4. d4 Ngf6 5. O-O a6 6. Bxd7+ Nxd7 7. c4 g6 8.
e5 cxd4 9. exd6 e5 10. Re1 Bxd6 11. Bh6 Qc7 12. Nxd4 f5 13. Nc3 Nb8 14. Nf3 Bd7
15. Bg5 1-0

[Event "NCL978 NW Eagles-Bristol"]
[Site "Rd4"]
[Date "1997.11.23"]
[Round "4.8"]
[White "Buckley, Melanie"]
[Black "Ilecki, Wojtech"]
[Result "0-1"]
[WhiteElo "2025"]
[BlackElo "2150"]
[PlyCount "74"]
[EventDate "1997.11.23"]
[Source "4NCL"]
[SourceDate "1998.01.01"]

1. e4 Nf6 2. Nc3 d5 3. exd5 Nxd5 4. Bc4 Nb6 5. Bb3 c5 6. d3 Nc6 7. Ne4 e6 8.
Be3 Nd4 9. Ne2 Be7 10. c3 Nxe2 11. Qxe2 Qc7 12. Qg4 g6 13. Qf3 Nd7 14. Ba4 O-O
15. Bf4 Ne5 16. Bxe5 Qxe5 17. O-O-O Rd8 18. h4 Rb8 19. Qg3 Qxg3 20. Nxg3 b5 21.
Bc2 Bb7 22. f3 Bd5 23. b3 c4 24. d4 b4 25. bxc4 Bxc4 26. Bb3 Rdc8 27. Bxc4 Rxc4
28. Ne2 bxc3 29. Kc2 Rb2+ 30. Kd3 c2 31. Rc1 Rc8 32. g3 a5 33. Rh2 Rxa2 34. Nc3
Ra3 35. Rhxc2 Bb4 36. d5 exd5 37. Kd4 Rc4+ 0-1

[Event "NCL978 Midland Ms-Guildford"]
[Site "Rd4"]
[Date "1997.11.23"]
[Round "4.1"]
[White "Parker, Jonathan"]
[Black "Kinsman, Andrew"]
[Result "1-0"]
[WhiteElo "2510"]
[BlackElo "2395"]
[PlyCount "65"]
[EventDate "1997.11.23"]
[Source "4NCL"]
[SourceDate "1998.01.01"]

1. d4 Nf6 2. c4 e6 3. Nf3 c5 4. d5 exd5 5. cxd5 d6 6. Nc3 g6 7. h3 Bg7 8. e4
O-O 9. Bd3 b5 10. Nxb5 Re8 11. Bg5 c4 12. Bxc4 Rxe4+ 13. Be2 Qa5+ 14. Kf1 Ba6
15. a4 Nbd7 16. Nd2 Rxe2 17. Qxe2 Re8 18. Qd1 Nxd5 19. Kg1 Bxb5 20. axb5 Qxb5
21. Qb3 Qxb3 22. Nxb3 Bxb2 23. Rxa7 Nc5 24. Nxc5 dxc5 25. Kh2 Bd4 26. Bh6 Nb4
27. Re1 Rc8 28. Rc7 Ra8 29. Ra7 Rc8 30. Rc7 Ra8 31. f4 Nd5 32. Rd7 Ne3 33. Re7
1-0

[Event "NCL978 Midland Ms-Guildford"]
[Site "Rd4"]
[Date "1997.11.23"]
[Round "4.2"]
[White "Povah, Nigel"]
[Black "Rowson, Jonathan"]
[Result "0-1"]
[WhiteElo "2325"]
[BlackElo "2490"]
[PlyCount "48"]
[EventDate "1997.11.23"]
[Source "4NCL"]
[SourceDate "1998.01.01"]

1. d4 Nf6 2. Bg5 e6 3. e4 c5 4. e5 h6 5. Bh4 g5 6. Bg3 Ne4 7. c3 cxd4 8. Qxd4
Nxg3 9. hxg3 Nc6 10. Qe3 b6 11. Bd3 Qc7 12. f4 Bb7 13. Nf3 O-O-O 14. Nbd2 d6
15. Nxg5 dxe5 16. Nh3 Rg8 17. O-O-O Bc5 18. Qe2 Rxg3 19. Nf1 Rgg8 20. f5 Nd4
21. cxd4 Rxg2 22. Nf2 Bxd4+ 23. Qc2 Qxc2+ 24. Bxc2 Rxf2 0-1

[Event "NCL978 Midland Ms-Guildford"]
[Site "Rd4"]
[Date "1997.11.23"]
[Round "4.3"]
[White "Arkell, Keith"]
[Black "Webb, Richard"]
[Result "1/2-1/2"]
[WhiteElo "2480"]
[BlackElo "2290"]
[PlyCount "92"]
[EventDate "1997.11.23"]
[Source "4NCL"]
[SourceDate "1998.01.01"]

1. d4 Nf6 2. Nf3 g6 3. c4 Bg7 4. g3 d5 5. Bg2 O-O 6. O-O c6 7. Nbd2 dxc4 8.
Nxc4 Be6 9. Qc2 Na6 10. a3 Rc8 11. b4 Nc7 12. Na5 Bf5 13. Qd2 Rb8 14. Ne5 Nb5
15. Bb2 Nd7 16. Nec4 Nb6 17. Rfd1 Nxc4 18. Nxc4 Qd7 19. a4 Nc7 20. e4 Bg4 21.
Ne5 Bxe5 22. dxe5 Qxd2 23. Rxd2 Rfd8 24. Bc3 Rxd2 25. Bxd2 Rd8 26. Be3 Rd1+ 27.
Rxd1 Bxd1 28. a5 Na6 29. Bd2 Be2 30. f4 c5 31. Kf2 Bb5 32. bxc5 Nxc5 33. Ke3
Kf8 34. f5 b6 35. Bb4 Ke8 36. Ba3 Bc6 37. g4 Nb3 38. axb6 axb6 39. Bf3 Nc5 40.
h4 gxf5 41. gxf5 e6 42. f6 Kf8 43. Kd4 Kg8 44. Bxc5 bxc5+ 45. Kxc5 Ba4 46. Kd6
Kf8 1/2-1/2

[Event "NCL978 Midland Ms-Guildford"]
[Site "Rd4"]
[Date "1997.11.23"]
[Round "4.4"]
[White "Kennaugh, Charles"]
[Black "Kelly, Brian"]
[Result "0-1"]
[WhiteElo "2300"]
[BlackElo "2390"]
[PlyCount "96"]
[EventDate "1997.11.23"]
[Source "4NCL"]
[SourceDate "1998.01.01"]

1. e4 e6 2. d4 d5 3. Nc3 Bb4 4. e5 Ne7 5. Bd2 b6 6. a3 Bxc3 7. Bxc3 Ba6 8. Bxa6
Nxa6 9. Qd3 Nb8 10. Ne2 c5 11. dxc5 bxc5 12. b4 O-O 13. O-O Nd7 14. f4 Qc7 15.
Bd2 Rfc8 16. Rfc1 a5 17. bxa5 c4 18. Qf3 Nc6 19. Bc3 Nxa5 20. Rcb1 Nc6 21. Qe3
Ra6 22. Bb4 Qa7 23. Qxa7 Rxa7 24. Kf2 f6 25. exf6 gxf6 26. c3 Kf7 27. Rd1 Ne7
28. Nd4 Nc5 29. Bxc5 Rxc5 30. Re1 Ra6 31. Ra2 Rca5 32. a4 Rxa4 33. Rxa4 Rxa4
34. Rxe6 Nf5 35. Rc6 Nxd4 36. cxd4 Ra2+ 37. Kf3 Rd2 38. f5 h5 39. Rc7+ Ke8 40.
Rc6 Ke7 41. Rc7+ Kd6 42. Rf7 Rxd4 43. Rxf6+ Ke5 44. Rf8 Rf4+ 45. Ke2 Rxf5 46.
Rc8 Kd4 47. Rg8 c3 48. g4 Re5+ 0-1

[Event "NCL978 Midland Ms-Guildford"]
[Site "Rd4"]
[Date "1997.11.23"]
[Round "4.5"]
[White "Ferguson, Mark"]
[Black "Anderton, Matthew"]
[Result "1/2-1/2"]
[WhiteElo "2420"]
[BlackElo "2240"]
[PlyCount "73"]
[EventDate "1997.11.23"]
[Source "4NCL"]
[SourceDate "1998.01.01"]

1. Nf3 Nf6 2. c4 d6 3. d4 g6 4. Nc3 Bg7 5. e4 O-O 6. Be2 e5 7. O-O Nc6 8. d5
Ne7 9. b4 Nh5 10. Re1 f5 11. Ng5 Nf6 12. Bf3 Ne8 13. c5 a5 14. Ba3 Kh8 15. b5
dxc5 16. Bxc5 b6 17. Ba3 Nd6 18. Ne6 Bxe6 19. dxe6 Qe8 20. exf5 Rd8 21. Nd5
Nxd5 22. Bxd5 Rxf5 23. Rc1 e4 24. Rxc7 Nxb5 25. Re7 Qg8 26. Rxg7 Qxg7 27. e7
Re8 28. Bc6 Nxa3 29. Bxe8 Qxe7 30. Bc6 Qc5 31. Bxe4 Rxf2 32. Kh1 Nb5 33. Bd5
Rf8 34. Rf1 Rxf1+ 35. Qxf1 Qxd5 36. Qf8+ Qg8 37. Qf6+ 1/2-1/2

[Event "NCL978 Midland Ms-Guildford"]
[Site "Rd4"]
[Date "1997.11.23"]
[Round "4.6"]
[White "Thompson, Ian"]
[Black "Hunt, Harriet"]
[Result "0-1"]
[WhiteElo "2260"]
[BlackElo "2360"]
[PlyCount "124"]
[EventDate "1997.11.23"]
[Source "4NCL"]
[SourceDate "1998.01.01"]

1. g3 d5 2. Bg2 Nf6 3. d3 Nc6 4. Nd2 e5 5. c4 Be6 6. cxd5 Bxd5 7. Ngf3 Be7 8.
O-O O-O 9. b3 Re8 10. Bb2 Nd7 11. Nc4 Bf6 12. Ne3 Be6 13. d4 exd4 14. Nxd4 Nxd4
15. Bxd4 c6 16. Bxf6 Qxf6 17. Qc2 Nb6 18. Rad1 Rad8 19. Rxd8 Rxd8 20. Rd1 g6
21. Rxd8+ Qxd8 22. Qc3 Qd6 23. h4 h5 24. Be4 Nd7 25. Qd3 Qxd3 26. Bxd3 Kf8 27.
f4 Ke7 28. Kf2 Kd6 29. Ke1 b5 30. Kd2 a5 31. Nd1 Kc5 32. Kc3 Nb6 33. e4 b4+ 34.
Kd2 a4 35. Bc2 axb3 36. axb3 Kd4 37. Ne3 c5 38. f5 gxf5 39. exf5 Bd5 40. Bd1 f6
41. Nxd5 Nxd5 42. Bxh5 Ne3 43. g4 c4 44. g5 cxb3 45. Bf7 b2 46. Ba2 b3 47. Bb1
Nc4+ 48. Ke1 Na3 49. gxf6 Nxb1 50. f7 Nc3 51. f8=Q b1=Q+ 52. Kf2 Ne4+ 53. Kf3
Qd3+ 54. Kg4 Nf2+ 55. Kh5 Qf3+ 56. Kg6 Qg4+ 57. Kf6 Qxh4+ 58. Kf7 Nd3 59. Qd6+
Kc3 60. f6 b2 61. Qa3+ Kc2 62. Qa2 Nc1 0-1

[Event "NCL978 Midland Ms-Guildford"]
[Site "Rd4"]
[Date "1997.11.23"]
[Round "4.7"]
[White "Mason, Donald"]
[Black "Abayasekera, Roger"]
[Result "1/2-1/2"]
[WhiteElo "2285"]
[BlackElo "2230"]
[PlyCount "55"]
[EventDate "1997.11.23"]
[Source "4NCL"]
[SourceDate "1998.01.01"]

1. e4 c5 2. Nc3 Nc6 3. g3 g6 4. Bg2 Bg7 5. d3 d6 6. Be3 Rb8 7. Qd2 b5 8. Nge2
b4 9. Nd1 Nd4 10. O-O e6 11. Nc1 Qa5 12. a3 Nc6 13. Nb3 Qb6 14. axb4 Qxb4 15.
e5 Nxe5 16. Rxa7 Nf6 17. d4 cxd4 18. Bxd4 Ned7 19. Nc3 d5 20. Rfa1 O-O 21. f4
Bb7 22. Na4 Qxd2 23. Nxd2 Rfc8 24. c3 Bc6 25. b3 Ne8 26. Bxg7 Kxg7 27. c4 Nef6
28. Nc3 1/2-1/2

[Event "NCL978 SW Dragons-Northumbria"]
[Site "Rd4"]
[Date "1997.11.23"]
[Round "4.1"]
[White "Cummings, David"]
[Black "Richardson, John"]
[Result "1/2-1/2"]
[WhiteElo "2370"]
[BlackElo "2260"]
[PlyCount "121"]
[EventDate "1997.11.23"]
[Source "4NCL"]
[SourceDate "1998.01.01"]

1. Nf3 Nf6 2. c4 e6 3. g3 d5 4. Bg2 c5 5. O-O dxc4 6. Na3 Nc6 7. Nxc4 Be7 8. d3
O-O 9. a4 Nd5 10. a5 Bf6 11. Qb3 Re8 12. Rd1 Nd4 13. Nxd4 cxd4 14. Bd2 Rb8 15.
Rdc1 b6 16. axb6 axb6 17. Na5 Ne7 18. Nc6 Nxc6 19. Bxc6 Bd7 20. Ra7 Bxc6 21.
Rxc6 Be5 22. Qb5 Qd5 23. Qxd5 exd5 24. Rd7 Bf6 25. Kf1 Re6 26. Rdc7 h6 27. Bf4
Ra8 28. Rc8+ Rxc8 29. Rxc8+ Kh7 30. b4 g5 31. Bb8 Be7 32. b5 Kg7 33. Bc7 Bc5
34. Rd8 Re7 35. Bd6 Rb7 36. g4 Kf6 37. Bf8 Bxf8 38. Rxf8 Rd7 39. Rh8 Kg7 40.
Rc8 Rd6 41. Rc7 Kf6 42. Rb7 Ke6 43. Kg2 f5 44. h3 fxg4 45. hxg4 Ke5 46. Kg3 Rf6
47. Rb8 Re6 48. e3 dxe3 49. fxe3 Rf6 50. Rb7 Re6 51. Kf3 Rf6+ 52. Kg3 Re6 53.
Kf3 Rf6+ 54. Ke2 d4 55. Rd7 dxe3 56. Kxe3 Rf4 57. d4+ Ke6 58. Rb7 Rxg4 59.
Rxb6+ Kd5 60. Rxh6 Re4+ 61. Kf3 1/2-1/2

[Event "NCL978 SW Dragons-Northumbria"]
[Site "Rd4"]
[Date "1997.11.23"]
[Round "4.2"]
[White "Pert, Richard"]
[Black "Cooper, John"]
[Result "0-1"]
[WhiteElo "2230"]
[BlackElo "2335"]
[PlyCount "64"]
[EventDate "1997.11.23"]
[Source "4NCL"]
[SourceDate "1998.01.01"]

1. e4 c6 2. d4 d5 3. Nd2 dxe4 4. Nxe4 Nd7 5. Ng5 Ngf6 6. Bd3 e6 7. N1f3 Bd6 8.
O-O h6 9. Ne4 Nxe4 10. Bxe4 Qc7 11. Re1 b6 12. b3 Bb7 13. Bb2 O-O-O 14. c4 Nf6
15. Bd3 c5 16. b4 cxd4 17. Rc1 Bxb4 18. c5 bxc5 19. Re2 Kb8 20. Nxd4 Ng4 21. g3
e5 22. a3 Ba5 23. Rec2 Qd7 24. Rxc5 Bb6 25. Bb5 Nxf2 26. Kxf2 Qh3 27. Nc6+ Ka8
28. Qc2 Qxh2+ 29. Kf3 Rd2 30. Qc4 Qf2+ 31. Kg4 Rxb2 32. Kh5 g6+ 0-1

[Event "NCL978 SW Dragons-Northumbria"]
[Site "Rd4"]
[Date "1997.11.23"]
[Round "4.3"]
[White "James, David J"]
[Black "Grant, Jonathan"]
[Result "1-0"]
[WhiteElo "2255"]
[BlackElo "2275"]
[PlyCount "125"]
[EventDate "1997.11.23"]
[Source "4NCL"]
[SourceDate "1998.01.01"]

1. d4 Nf6 2. c4 e6 3. Nc3 Bb4 4. Qc2 c5 5. dxc5 O-O 6. a3 Bxc5 7. Nf3 b6 8. Bg5
Bb7 9. e4 h6 10. Bh4 Be7 11. Be2 Nh5 12. Bxe7 Qxe7 13. O-O Nc6 14. Rfe1 Rac8
15. b3 d6 16. Bf1 Qf6 17. Rad1 Rfd8 18. Nb5 Qe7 19. Nfd4 Nf6 20. f4 a6 21. Nxc6
Bxc6 22. Nd4 Bb7 23. Qb1 Qc7 24. f5 e5 25. Nf3 Qc5+ 26. Kh1 Ng4 27. Rd2 Nf2+
28. Rxf2 Qxf2 29. b4 b5 30. c5 dxc5 31. Re2 Bxe4 32. Qa1 Qxf3 33. gxf3 Bxf3+
34. Kg1 Bxe2 35. Bxe2 c4 36. Qc3 Rd4 37. Kf2 Rcd8 38. Ke1 e4 39. a4 R4d5 40.
axb5 axb5 41. f6 g5 42. Qe3 R5d6 43. h4 Rd5 44. hxg5 Rxg5 45. Qxe4 Rg1+ 46. Kf2
Rg6 47. Qe7 Rf8 48. Bd1 c3 49. Bc2 Rg5 50. Bh7+ Kxh7 51. Qxf8 Rf5+ 52. Ke3 Rxf6
53. Qc5 c2 54. Qxc2+ Rg6 55. Qf5 Kg7 56. Qxb5 Rg5 57. Qd7 h5 58. b5 h4 59. b6
Rg3+ 60. Kf2 Rb3 61. b7 h3 62. Kg1 Kg6 63. Qd6+ 1-0

[Event "NCL978 SW Dragons-Northumbria"]
[Site "Rd4"]
[Date "1997.11.23"]
[Round "4.4"]
[White "Pert, Nicholas"]
[Black "Morris, Charles"]
[Result "1-0"]
[WhiteElo "2240"]
[BlackElo "2245"]
[PlyCount "51"]
[EventDate "1997.11.23"]
[Source "4NCL"]
[SourceDate "1998.01.01"]

1. d4 d5 2. Nf3 c5 3. dxc5 Nc6 4. a3 a5 5. Bf4 f6 6. e4 dxe4 7. Qxd8+ Kxd8 8.
Nc3 exf3 9. O-O-O+ Bd7 10. Nd5 e5 11. Nb6 Nd4 12. Be3 Bxc5 13. Nxa8 Ne7 14. c3
Nef5 15. cxd4 Nxd4 16. b4 axb4 17. axb4 Ba7 18. Kb2 Kc8 19. b5 fxg2 20. Bxg2
Bxb5 21. Ra1 Kb8 22. Ra5 Ba6 23. Rc1 Rc8 24. Rxc8+ Kxc8 25. Rd5 Bc4 26. Bh3+
1-0

[Event "NCL978 SW Dragons-Northumbria"]
[Site "Rd4"]
[Date "1997.11.23"]
[Round "4.5"]
[White "Dyce, Andrew"]
[Black "Ledger, Stephen"]
[Result "1/2-1/2"]
[WhiteElo "2150"]
[BlackElo "2230"]
[PlyCount "82"]
[EventDate "1997.11.23"]
[Source "4NCL"]
[SourceDate "1998.01.01"]

1. e4 c5 2. Nf3 Nc6 3. Bb5 g6 4. O-O Bg7 5. Bxc6 bxc6 6. e5 Nh6 7. d3 Rb8 8.
Nbd2 Nf5 9. Re1 O-O 10. c3 d5 11. Nb3 Qb6 12. g4 c4 13. dxc4 dxc4 14. Nbd2 Nh6
15. h3 Be6 16. Qe2 Qa6 17. Nd4 Bd5 18. b3 c5 19. Nc2 f5 20. g5 Nf7 21. f4 Rfd8
22. Ne3 Ba8 23. Ndxc4 Qc6 24. Kh2 h6 25. h4 hxg5 26. hxg5 Kh7 27. Na5 Qe4 28.
Nec4 Rd3 29. Qxe4 Bxe4 30. Be3 Rh8 31. Rad1 Rxc3 32. Rc1 Rd3 33. Red1 Kg8+ 34.
Kg3 Nxe5 35. fxe5 Rxe3+ 36. Nxe3 Bxe5+ 37. Kf2 Rh2+ 38. Kf1 Rh1+ 39. Ke2 Rh2+
40. Kf1 Rh1+ 41. Ke2 Rh2+ 1/2-1/2

[Event "NCL978 SW Dragons-Northumbria"]
[Site "Rd4"]
[Date "1997.11.23"]
[Round "4.6"]
[White "Ledger, David"]
[Black "Richmond, Peter"]
[Result "1-0"]
[WhiteElo "2255"]
[BlackElo "2200"]
[PlyCount "37"]
[EventDate "1997.11.23"]
[Source "4NCL"]
[SourceDate "1998.01.01"]

1. e4 Nf6 2. e5 Nd5 3. Qf3 e6 4. Qg3 d6 5. d4 Nc6 6. Nf3 dxe5 7. dxe5 Bd7 8.
Be2 Qe7 9. a3 a5 10. c4 Nb6 11. Nc3 f6 12. Nb5 Rc8 13. exf6 gxf6 14. Nxc7+ Kd8
15. Be3 Na4 16. Nb5 e5 17. Rd1 Qe6 18. O-O Rg8 19. Ng5 1-0

[Event "NCL978 SW Dragons-Northumbria"]
[Site "Rd4"]
[Date "1997.11.23"]
[Round "4.7"]
[White "Saunders, John"]
[Black "Dighton, Simon"]
[Result "0-1"]
[WhiteElo "2225"]
[BlackElo "2128"]
[PlyCount "73"]
[EventDate "1997.11.23"]
[Source "4NCL"]
[SourceDate "1998.01.01"]

1. e4 e6 2. d4 d5 3. Nd2 Nf6 4. e5 Nfd7 5. Bd3 c5 6. c3 Nc6 7. Ne2 cxd4 8. cxd4
f6 9. exf6 Nxf6 10. O-O Bd6 11. Nf3 Qc7 12. Bg5 O-O 13. Ng3 e5 14. dxe5 Nxe5
15. Nxe5 Bxe5 16. Rc1 Qb6 17. Qe2 Bxg3 18. hxg3 h6 19. Bxf6 Qxf6 20. Rc7 b6 21.
Bb5 Bf5 22. Bc6 Rad8 23. Qb5 d4 24. Rxa7 d3 25. Bf3 d2 26. Rd1 Kh8 27. Qb4 Rd4
28. Qc3 Re8 29. Rc7 Qd8 30. Rc6 Re6 31. Rxe6 Bxe6 32. b3 Qd6 33. Qc2 Qe5 34.
Qg6 Bf5 35. Qf7 Bc2 36. Qf8+ Kh7 37. Bg4 {time} 0-1

[Event "NCL978 SW Dragons-Northumbria"]
[Site "Rd4"]
[Date "1997.11.23"]
[Round "4.8"]
[White "Ford, Elise"]
[Black "Cast, Abigail"]
[Result "1/2-1/2"]
[WhiteElo "1704"]
[BlackElo "1925"]
[PlyCount "57"]
[EventDate "1997.11.23"]
[Source "4NCL"]
[SourceDate "1998.01.01"]

1. e4 c6 2. d4 d5 3. e5 c5 4. Bb5+ Bd7 5. Bxd7+ Qxd7 6. Ne2 Nc6 7. f4 e6 8. c3
Rc8 9. Be3 cxd4 10. Bxd4 Nge7 11. O-O Nf5 12. Qd3 Nfxd4 13. Nxd4 Bc5 14. Nd2
Bxd4+ 15. cxd4 Nb4 16. Qg3 g6 17. Nb3 b6 18. a3 Nc6 19. Rac1 O-O 20. Qe3 Ne7
21. g4 Rxc1 22. Nxc1 Rc8 23. Ne2 Rc2 24. b3 Qb5 25. Ng3 Qc6 26. f5 gxf5 27.
gxf5 Qc3 28. Qf4 Qb2 29. Qh4 1/2-1/2

[Event "NCL978 Slough-Richmond"]
[Site "Rd4"]
[Date "1997.11.23"]
[Round "4.2"]
[White "Bates, Richard"]
[Black "Hodgson, Julian"]
[Result "1/2-1/2"]
[WhiteElo "2345"]
[BlackElo "2590"]
[PlyCount "88"]
[EventDate "1997.11.23"]
[Source "4NCL"]
[SourceDate "1998.01.01"]

1. d4 d6 2. Nf3 Bg4 3. c4 Nd7 4. d5 a5 5. Nd4 Nc5 6. Nc3 g6 7. g3 Bg7 8. Bg2
Nf6 9. Be3 Qc8 10. h3 Bd7 11. g4 O-O 12. Qc2 c6 13. Rd1 e5 14. dxe6 Bxe6 15.
Nxe6 Qxe6 16. b3 Nfd7 17. Ne4 Nxe4 18. Qxe4 Ne5 19. g5 f5 20. gxf6 Qxf6 21. O-O
Rae8 22. Qd4 Nf7 23. Qxf6 Bxf6 24. Bf3 Bc3 25. Bd2 Bb4 26. e3 Re6 27. Bc1 Ne5
28. Bg2 Bc5 29. Bb2 Nf3+ 30. Bxf3 Rxf3 31. Kg2 Rf5 32. Bd4 Bb4 33. Rd3 Kf7 34.
f4 d5 35. Kf3 dxc4 36. bxc4 g5 37. Kg4 Kg6 38. Rdd1 Bd6 39. Kf3 gxf4 40. Rg1+
Kf7 41. Kg4 Kg6 42. Kh4+ Kf7 43. Kg4 Kg6 44. Kh4+ Kf7 1/2-1/2

[Event "NCL978 Slough-Richmond"]
[Site "Rd4"]
[Date "1997.11.23"]
[Round "4.3"]
[White "Kosten, Anthony"]
[Black "Williams, Simon"]
[Result "1-0"]
[WhiteElo "2530"]
[BlackElo "2310"]
[PlyCount "175"]
[EventDate "1997.11.23"]
[Source "4NCL"]
[SourceDate "1998.01.01"]

1. c4 e6 2. Nc3 f5 3. g3 Nf6 4. Bg2 d5 5. cxd5 exd5 6. Nf3 Bd6 7. O-O O-O 8. d3
c6 9. e4 dxe4 10. dxe4 Bc5 11. Qb3+ Kh8 12. e5 Ne8 13. Bg5 Be7 14. Rad1 Qc7 15.
Qc4 Bxg5 16. Nxg5 Qe7 17. Qh4 h6 18. Nf3 Qxh4 19. Nxh4 Kh7 20. Rd8 Be6 21. g4
g6 22. gxf5 gxf5 23. Rfd1 Rg8 24. Kh1 Nc7 25. Rxg8 Kxg8 26. Rd8+ Kf7 27. f4
Nba6 28. Rxa8 Nxa8 29. Bh3 Nb4 30. Bxf5 Bxf5 31. Nxf5 Nd3 32. Ne2 Nc7 33. Kg2
Nxb2 34. Nd6+ Ke6 35. Nxb7 Nd3 36. Kf3 Kd5 37. Nd6 h5 38. Nf5 c5 39. Ne3+ Ke6
40. h4 Nb5 41. a4 Na3 42. Nc3 c4 43. Ne2 Nc5 44. Nd4+ Kd7 45. f5 c3 46. f6 Ne6
47. Ndc2 Nb1 48. Nd5 Nd2+ 49. Ke3 Nc4+ 50. Ke4 Nd2+ 51. Kf5 Nf3 52. f7 Nxh4+
53. Kf6 Nf3 54. Nc7 Kxc7 55. Kxe6 Ng5+ 56. Kf6 Nxf7 57. Kxf7 h4 58. e6 h3 59.
e7 h2 60. e8=Q h1=Q 61. Qe7+ Kc8 62. Qc5+ Kb7 63. Qb4+ Kc7 64. Qxc3+ Qc6 65.
Qb3 Qe4 66. Ne3 Qh7+ 67. Kf6 Qh8+ 68. Kf5 Qh7+ 69. Ke5 Qg7+ 70. Ke4 Qg6+ 71.
Kd4 Qf6+ 72. Kd3 Qg6+ 73. Kd2 Qh6 74. Qc4+ Kb6 75. Qb5+ Kc7 76. Qe5+ Kb7 77.
Qe4+ Kb6 78. Kc3 Qg7+ 79. Kb3 Qg3 80. Qd4+ Kb7 81. Qb4+ Kc7 82. Qc3+ Kb7 83.
Nd5 Qg8 84. Qc7+ Ka8 85. Kb4 Qg4+ 86. Ka5 Qf5 87. Qc6+ Kb8 88. Qb5+ 1-0

[Event "NCL978 Slough-Richmond"]
[Site "Rd4"]
[Date "1997.11.23"]
[Round "4.5"]
[White "Lalic, Susan"]
[Black "Johnstone, Paul"]
[Result "1/2-1/2"]
[WhiteElo "2375"]
[BlackElo "2295"]
[PlyCount "88"]
[EventDate "1997.11.23"]
[Source "4NCL"]
[SourceDate "1998.01.01"]

1. e4 c5 2. c3 e6 3. d4 d5 4. e5 Nc6 5. Nf3 Nge7 6. Bd3 cxd4 7. cxd4 Nf5 8.
Bxf5 exf5 9. Nc3 Be6 10. h4 h6 11. Kf1 Be7 12. Ne2 Qb6 13. Nf4 g6 14. g3 O-O-O
15. Kg2 Kb8 16. Ne2 Rdg8 17. b3 Qd8 18. Qd2 Rg7 19. Nf4 g5 20. Nh5 Rg6 21. Nf6
f4 22. h5 Rg7 23. g4 Bxf6 24. exf6 Rgg8 25. Ne5 Nxe5 26. dxe5 Bxg4 27. Ba3 Qd7
28. Bd6+ Ka8 29. Rac1 Bxh5 30. f3 Bg6 31. Rc7 Qb5 32. Rhc1 g4 33. fxg4 Bf5 34.
Kh2 Rxg4 35. e6 Rh4+ 36. Kg1 Rg8+ 37. Kf2 Bxe6 38. Bxf4 Rhg4 39. Kf3 d4 40.
Qxd4 Bd5+ 41. Ke3 Be6 42. Qd6 Qb6+ 43. Qxb6 axb6 44. b4 Rg2 1/2-1/2

[Event "NCL978 Slough-Richmond"]
[Site "Rd4"]
[Date "1997.11.23"]
[Round "4.7"]
[White "Houska, Jovanka"]
[Black "Franklin, Michael"]
[Result "1/2-1/2"]
[WhiteElo "2155"]
[BlackElo "2220"]
[PlyCount "100"]
[EventDate "1997.11.23"]
[Source "4NCL"]
[SourceDate "1998.01.01"]

1. e4 c5 2. Nc3 Nc6 3. g3 g6 4. Bg2 Bg7 5. d3 e6 6. Be3 d6 7. Qd2 Qa5 8. Nge2
Nd4 9. O-O Ne7 10. Nc1 Bd7 11. Rb1 Bc6 12. Nb3 Qb4 13. f4 a5 14. Qf2 a4 15. Nc1
a3 16. Nd1 axb2 17. Nxb2 Qb6 18. c3 Nb5 19. Nc4 Qc7 20. e5 Nf5 21. exd6 Nfxd6
22. Nxd6+ Nxd6 23. Bxc5 Bxg2 24. Kxg2 Bxc3 25. Rb6 Nc8 26. Rb3 Bg7 27. d4 Qc6+
28. Qf3 Qxf3+ 29. Rfxf3 b6 30. Bxb6 Nxb6 31. Rxb6 Bxd4 32. Rb7 O-O 33. Rd3 Bf6
34. Rdd7 Rac8 35. Rbc7 Rxc7 36. Rxc7 Ra8 37. Kf3 Bb2 38. Nb3 Kf8 39. Ke3 Ke8
40. Kd3 Ba3 41. Rc2 Kd7 42. Nd4 Bd6 43. Rb2 Ra3+ 44. Kd2 Bc5 45. Nb3 Bd6 46.
Rc2 f6 47. Kd3 e5 48. fxe5 fxe5 49. Kc4 Ke6 50. Nc5+ Bxc5 1/2-1/2

[Event "NCL978 Slough-Richmond"]
[Site "Rd4"]
[Date "1997.11.23"]
[Round "4.8"]
[White "Bates, Ruth"]
[Black "Armstrong, Malcolm"]
[Result "0-1"]
[WhiteElo "2050"]
[BlackElo "1944"]
[PlyCount "80"]
[EventDate "1997.11.23"]
[Source "4NCL"]
[SourceDate "1998.01.01"]

1. d4 d5 2. Nf3 Nf6 3. Bg5 e6 4. e3 Be7 5. Nbd2 Nbd7 6. Bd3 h6 7. Bh4 O-O 8. h3
c5 9. c3 b6 10. O-O Bb7 11. Qe2 Ne4 12. Bxe7 Qxe7 13. a4 a5 14. Rfd1 f5 15. Ne5
Nxe5 16. dxe5 Kh8 17. Nf1 c4 18. Bc2 g5 19. f3 Nc5 20. Nh2 Qc7 21. f4 Rg8 22.
Qh5 Qg7 23. Rd2 Bc6 24. Qe2 gxf4 25. exf4 Qg3 26. Qf3 Qh4 27. Nf1 Ra7 28. g3
Rag7 29. Kh2 Qe7 30. Qf2 Qe8 31. g4 Ne4 32. Bxe4 dxe4 33. gxf5 exf5 34. Ne3 Qh5
35. Rad1 Rg3 36. Qxg3 Rxg3 37. Kxg3 Qf3+ 38. Kh2 Qxe3 39. Rd8+ Kh7 40. Rg1
Qxf4+ 0-1